| 000 | 00432nam a2200181Ia 4500 | ||
|---|---|---|---|
| 005 | 20240913125533.0 | ||
| 008 | 240913s9999||||xx |||||||||||||| ||und|| | ||
| 041 | _aENGLISH | ||
| 082 | _A620.5 P7 | ||
| 100 | _aNICE | ||
| 245 | 0 | _aEmerging Adaptive Systems and Technologies (East 2007) Vol 2 | |
| 250 | _a1st | ||
| 260 |
_c2007 _b#VALUE! |
||
| 500 | _aREFERENCE | ||
| 650 |
_aNano _bGeneral |
||
| 942 | _cREF | ||
| 999 |
_c245753 _d245753 |
||